Bhargav Garre Venkata (DII)

Virginia C


Categories

History - American History04004074102.0003
Other0410356477.2502
Science - Other Science0300305577.6722
Science - Physics020120114124.5000
Religion0200205686.0011
Social Science0101109292.0000
Literature - World Literature010010134134.0000
Mythology010010130130.0000
History - World History01115131131.0001
History - Other History000000.0000

Buzzes

OtherOpenAI-553
Science - Other Scienceaccessibility1055
Science - Other Scienceaccessibility1055
ReligionRāma1056
Othermeat1064
OtherBharatiya Janata Party1068
History - American HistoryCondoleezza Rice1074
Otherlibraries1077
Social ScienceAmerican Sign Language1092
History - American HistoryWalker1098